The causes of world war three.

Bibliographic Details
Main Author: Mills, C. Wright (Charles Wright), 1916-1962
Format: Book
Language:English
Published: New York : Simon and Schuster, 1958.
Subjects:

MARC

Tag First Indicator Second Indicator Subfields
LEADER 00000cam a2200000 4500
001 in00000056701
005 20151008050352.0
008 721019s1958 nyu 00000 eng u
010 |a  58013757  
035 |a (OCoLC)00466346 
035 |9 AAG0674AM 
040 |c WSU  |d TXA  |d UtOrBLW 
049 |a TXAM  |c 1 [412560]  |c 2 [301283] 
050 0 |a E835  |b .M5 
090 |a E835  |b .M5 1958 
092 |a 327.73  |b M657c 
100 1 |a Mills, C. Wright  |q (Charles Wright),  |d 1916-1962. 
245 1 4 |a The causes of world war three. 
264 1 |a New York :  |b Simon and Schuster,  |c 1958. 
300 |a 172 pages 
336 |a text  |b txt  |2 rdacontent 
337 |a unmediated  |b n  |2 rdamedia 
338 |a volume  |b nc  |2 rdacarrier 
650 0 |a World politics  |y 1955-1965. 
651 0 |a United States  |x Foreign relations  |y 1953-1961. 
651 0 |a United States  |x Military policy. 
999 |a MARS 
999 f f |s 03407573-7ab1-3b1a-8564-2a3c3e1e8754  |i b3bacdc9-a300-3c2c-aa9d-f9f16c1461a6  |t 0 
952 f f |p normal  |a Texas A&M University  |b College Station  |c Sterling C. Evans Library  |d Evans: Library Stacks  |t 0  |e E835 .M5 1958  |h Library of Congress classification  |i unmediated -- volume  |m A14800679220 
998 f f |a E835 .M5 1958  |t 0  |l Evans: Library Stacks